000 00722nam a2200205 a 4500
005 20241015063723.0
008 050121s2001 mx r 000 0 spa d
020 _a0821828991
035 _aUPN01000137072
049 _aCG
050 4 _aQA11
_bC6.4
110 2 _aConference board of the mathematical sciences
245 1 4 _aThe mathematical education for teachers /
_cConference board of the mathematical sciences.
260 _aWashington :
_bAmerican Mathematical Society,
_c2001.
300 _a145 p.
440 0 _aIssues in mathematical education ;
_v11
650 4 _aMatemáticas
_xEstudio y enseñanza (Superior)
_99044
650 7 _aMaestros en servicio, Formación de
_zEstados Unidos
_2
_9879
905 _aLibro
999 _c109223
_d109223